000 00355 a2200169 4500
001 190030
020 _a978-85-60791-13-2
040 _cMagnum
100 _aBueno, Edna
240 1 0 _aEntre os bambus
_lpor
245 1 0 _aEntre os bambus
300 _a31
362 0 _a2008
440 1 _aGaudí
697 _aLITERATURA INFANTO-JUVENIL
942 _cBK
999 _c190030
_d190030